|
|
|
|
| LEADER |
01655nam a2200313 a 4500 |
| 001 |
4446310 |
| 008 |
100106s1994 sz b i000 0 eng d |
| 010 |
|
|
|a 94234143
|
| 020 |
|
|
|a 9241561661
|
| 040 |
|
|
|a NNNM
|c NNNM
|d CU
|d TxU
|d NcU-H
|d DLC
|d BD-DhAAL
|
| 082 |
0 |
0 |
|a 613/.04244
|2 20
|
| 100 |
1 |
|
|a Cook, Rebecca J.
|
| 245 |
0 |
0 |
|a Women's health and human rights :
|b the promotion and protection of women's health through international human rights law /
|c Rebecca J. Cook.
|
| 260 |
|
|
|a Geneva :
|b World Health Organization,
|c 1994.
|
| 300 |
|
|
|a vii, 62 p. ;
|c 24 cm.
|
| 504 |
|
|
|a Includes bibliographical references (p. 53-60).
|
| 505 |
0 |
|
|a 1. The evolution of international human rights relevant to women's health -- 2. Pervasive neglect of women's health -- 3. Measuring state compliance with treaty obligations -- 4. International human rights to improve women's health -- 5. Human rights mechanisms for protection of women's health -- 6. Conclusion -- Notes and references -- Annexes.
|
| 541 |
1 |
|
|e 00005896
|
| 650 |
|
0 |
|a Women
|x Health and hygiene.
|
| 650 |
|
0 |
|a Women's health services.
|
| 650 |
|
0 |
|a Women's rights.
|
| 650 |
|
0 |
|a Human rights.
|
| 650 |
|
2 |
|a Women's Health.
|
| 650 |
|
2 |
|a Human Rights
|x legislation.
|
| 710 |
2 |
|
|a World Health Organization.
|
| 852 |
4 |
|
|a Ayesha Abed Library
|j General shelf
|
| 999 |
|
|
|c 6771
|d 6771
|
| 952 |
|
|
|0 0
|1 0
|2 ddc
|4 0
|6 613_042440000000000_COO_1994
|7 0
|9 6957
|a BRACUL
|b BRACUL
|c GEN
|d 2010-01-07
|l 0
|o 613.04244 COO
|p 3010005896
|r 2010-01-07
|t 1
|w 2010-01-07
|y BK
|
| 952 |
|
|
|0 0
|1 0
|2 ddc
|4 0
|6 613_042440000000000_COO
|7 0
|9 24218
|a SCL
|b SCL
|c GEN
|d 2000-10-03
|l 1
|m 2
|o 613.04244 COO
|p 3020002870
|r 2018-12-05
|s 2018-09-24
|t 2
|w 2014-04-26
|y BK
|